000 00816nam a22002297a 4500
003 OSt
005 20260512155016.0
008 260512b |||||||| |||| 00| 0 eng d
020 _a9780552179379
040 _aKenya National Library Service
082 _a823.92 SAI
100 _aSaid, S. F.,
_eauthor.
245 _aThe Outlaw Varjak Paw /
_cS. F. Said ; illustrated by Dave McKean.
300 _a263 pages :
_billustrations ;
_c19 cm.
490 _aVarjak Paw ;
_v2.
520 _aVarjak Paw leaves the safety of his home and journeys into the city where he must learn the Way of Jalal to survive among dangerous rival cats.
650 _aAdventure stories.
700 _aMcKean, Dave,
_eillustrator.
942 _2ddc
_cBK
_n0
999 _c492733
_d492733